00485nam a2200181 a 450000100060000000300090000600800410001502000150005604000280007108200090009910000160010824500590012426000460018330000110022949000250024065000160026565000220028117497CO-ViMGA141112s2004 ck r 000 u spa d a8471768259 aCO-ViMGAbspacCO-ViMGA04aMASs1 aMasters, M.10aEl secreto del monstruo del lago Loon y ocho casos mas aBarcelona (España), cTimun Mas, c1994 a113.p. aResuelve el misterio14aADIVINANZAS14aJUEGOS INFANTILES